| 000 | 01003nam a2200253 a 4500 | ||
|---|---|---|---|
| 008 | 111003s2010 ||||||||||||||||| || u | ||
| 020 | _a9789645817532 | ||
| 050 | _aBP 218 Mus | ||
| 100 | _aMusavi Lari, Sayyid Mujtaba | ||
| 245 | 1 | 0 |
_aGod and His attributes: lessons on Islamic doctrine, book one _cSayyid Mujtaba Musavi Lari; translated by Hamid Algar |
| 260 |
_aQom, Iran _bFoundation of Islamic C.P.W _c2010 |
||
| 300 | _a205p. | ||
| 350 | _a0.00 | ||
| 490 | _aThe foundations of Islamic doctrine | ||
| 490 | _v 1 | ||
| 650 | _aTHEOLOGY | ||
| 650 | _aISLAM | ||
| 650 | _aGOD--ATTRIBUTES | ||
| 650 | _aGOD--PROOF | ||
| 650 | _aGOD (ISLAM) | ||
| 700 | _aAlgar, Hamid | ||
| 995 |
_FCBU-DAG HAMMARSKJOLD INSTITUTE LIBRARY _I10.00 _M2 _UAVAILABLE _WMar 5, 2019 _ZDHIPS Book Collection |
||
| 995 |
_D0.00 _FCBU-MAIN LIBRARY (Kitwe) _H1 _I0.00 _M1 _UDAMAGED _WNov 17, 2011 _ZMain Library Open Access Collection |
||
| 999 |
_c30637 _d30637 |
||